Vplyv neurónového žiarenia na zmeny subštruktúry ocelí tlakovej nádoby reaktora typu VVER-440 : Diplomová práca

Gespeichert in:
Bibliographische Detailangaben
1. Verfasser: Gajdošová, Stanislava (Verfasst von)
Weitere Verfasser: Kupča, Ľudovít, 1946- (xxx)
Format: Manuskript Buch
Sprache:Slowakisch
Veröffentlicht: Trnava : STU v Bratislave MtF KMI, 2002
Schlagworte:
Tags: Tag hinzufügen
Keine Tags, Fügen Sie das erste Tag hinzu!

MARC

LEADER 00000ntm a22000003a 4500
001 stu76356
005 20160719155033.5
008 020628s2002----xo------------------slo-d
040 |a STU  |b slo 
041 0 |a slo 
044 |a xo 
100 1 |a Gajdošová, Stanislava  |4 aut 
245 1 |a Vplyv neurónového žiarenia na zmeny subštruktúry ocelí tlakovej nádoby reaktora typu VVER-440 :  |b Diplomová práca 
260 |a Trnava :  |b STU v Bratislave MtF KMI,  |c 2002 
300 |a 54 s  |c abstr. 
650 7 |a degradačné mechanizmy  |2 stusub 
650 7 |a kovové a nekovové materiály  |2 stusub 
650 7 |a ocele  |2 stusub 
700 1 |a Kupča, Ľudovít,  |d 1946-  |4 xxx  |X 3595  |7 A000003595